000 01963nam a2200553 i 4500
001 45468
003 KOSZ 005
005 20191029132048.0
008 020116s2002 pl a f po|000 0 pol
015 _aPB 2002/1636
020 _a8320813557
035 _a991017546529705066
035 _a(PL-WaBN)b14745367-48omnis_nlop
035 _ab14745367
035 _a(OCoLC)749327813
035 _a(PL)b0000001474536
035 _a(EXLNZ-48OMNIS_NETWORK)9910035105305606
040 _aWA N
_cWA N
_dKOSZ 005/HR
041 1 _apol
_heng
046 _k1996
080 _a005.51
080 _a(075.8)
100 1 _aCoyle, John Joseph
_d(1935- ).
_eAutor
245 1 0 _aZarządzanie logistyczne /
_cJohn J. Coyle, Edward J. Bardi, C. John Langley Jr ; red. nauk. Danuta Kempny ; tł. Edyta Klosa.
246 1 _iTyt. oryg.:
_aManagement of business logistics,
_f1996
260 _aWarszawa :
_bPolskie Wydawnictwo Ekonomiczne,
_c2002.
300 _a734, [2] s. :
_bil., mapy ;
_c24 cm.
336 _2rdacontent
_aTekst
_btxt
337 _2rdamedia
_aBez urządzenia pośredniczącego
_bn
338 _2rdacarrier
_aWolumin
_bnc
380 _aKsiążki
380 _aPublikacje naukowe
380 _aPublikacje dydaktyczne
385 _mPoziom nauczania
_aSzkoły wyższe
388 _a2001-
504 _aBibliogr. przy rozdz.
658 _aTransport i logistyka
658 _aGospodarka, ekonomia, finanse
655 7 _aPodręczniki akademickie
_2DBN
650 7 _aLogistyka gospodarcza
_2DBN
700 1 _aBardi, Edward J.
_d(1943- )
_eAutor
700 1 _aKempny, Danuta
_eRedakcja
700 1 _aLangley, C. John
_eAutor
_d(1946- )
700 1 _aKlosa, Edyta
_eTłumaczenie
710 2 _aPolskie Wydawnictwo Ekonomiczne
_4pbl
856 _uhttp://koha.tu.koszalin.pl/cgi-bin/koha/opac-detail.pl?biblionumber=45468
_yKatalog online BPK
942 _2UKD
_cKS
999 _c45468
_d45468